| 000 | 00597cam a2200229ua 4500 | ||
|---|---|---|---|
| 001 | 6803 | ||
| 005 | 20260515114116.0 | ||
| 008 | 140311n ii |||gr||||Z||||||eng | ||
| 020 | _a81-272-1982-7 | ||
| 040 | _cMAIN | ||
| 082 | _a650 | ||
| 245 |
_aBusiness studies _cBy S.S. Sarkar |
||
| 250 | _bFor class XI. | ||
| 260 |
_aLudhiana: _bKalyani publishers, _c2005. |
||
| 300 | _ax,400p. | ||
| 653 | _aManagement & auxiliary services | ||
| 653 | _aBusiness studies | ||
| 700 |
_aSarkar,S.S., _eAuthor., |
||
| 700 |
_aSharma,R.K., _eAuthor. |
||
| 700 |
_aGupta,Shashi K., _eAuthor. |
||
| 942 | _cBK | ||
| 999 |
_c5946 _d5946 |
||